Wrong place wrong time: (Record no. 9810)

MARC details
000 -LEADER
fixed length control field 00360nam a22001217a 4500
008 - FIXED-LENGTH DATA ELEMENTS--GENERAL INFORMATION
fixed length control field 240402b |||||||| |||| 00| 0 eng d
082 ## - DEWEY DECIMAL CLASSIFICATION NUMBER
Classification number 813.54
100 ## - MAIN ENTRY--PERSONAL NAME
Personal name Mcallister, Gillian.
Dates associated with a name author.
245 ## - TITLE STATEMENT
Title Wrong place wrong time:
Remainder of title how do you stop a murder when it's already happened?.
260 ## - PUBLICATION, DISTRIBUTION, ETC.
Place of publication, distribution, etc. UK:
Name of publisher, distributor, etc. Penguin;
Date of publication, distribution, etc. 2022.
300 ## - PHYSICAL DESCRIPTION
Extent 401 p:
Dimensions 23.5 cm.
942 ## - Added entry Elements (Koha)
Source of classification or shelving scheme Dewey Decimal Classification
Holdings
Withdrawn status Lost status Source of classification or shelving scheme Damaged status Not for loan Collection code Home library Current library Shelving location Date acquired Serial Enumeration / chronology Total Checkouts Total Renewals Full call number Barcode Date last seen Date last checked out Price effective from Koha item type
    Dewey Decimal Classification     Fiction RTC Library RTC Library Fiction 02/04/2024 18519 3 3 FIC 813.54 MCA 30019233 10/10/2025 15/08/2025 02/04/2024 Fiction
Royal Thimphu College || All Right Reserved